00843nac a22002171u 4500010001300000082002600013090001500039100003400054245011700088260003800205300002400243440007100267500001400338500003400352504003000386650002700416651002600443942002800469999001500497952011300512 a67016662 a382.2097301724bW4247 c1668d1668 aWeintraub, Sidney,  aTrade preferences for less-developed countries;ban analysis of United States policy.cForeword by Isaiah Frank. aNew York,bPraegerc[1967, c1966] axvi, 231 p.c25 cm. aPraeger special studies in international economics and development aDonations aDonations - Dr. Mostafa Gouda aBibliography: p. 213-231. aTariffzUnited States. aDeveloping countries. cBBk382.2097301724W4247 c1668d1668 00104070aMAINbMAINc1STd2006-12-04ePurchasel0o382.2097301724 WEIp000002673r2025-07-15 00:00:00yBB